00269nam a22000857a 4500100002400000245009700024260002600121300000700147650002900154 aKangaraarachchi,B.B aMetal Ion content of water in different areas of Sri lanka and Diseases caused by Metal Ions aColombobIchemcc2013 a27 ametal ion in watera2013